BUBT Library Online Catalog

জাতির পিতা বঙ্গবন্ধু শেখ মুজিবুর রহমান জন্মশতবর্ষ স্মারকগ্রন্থ / (Record no. 6665)

000 -LEADER
fixed length control field 01301nam a22002057a 4500
003 - CONTROL NUMBER IDENTIFIER
control field BUBTL
008 - FIXED-LENGTH DATA ELEMENTS--GENERAL INFORMATION
fixed length control field 220309b ||||| |||| 00| 0 eng d
020 ## - INTERNATIONAL STANDARD BOOK NUMBER
International Standard Book Number 9789843516343
082 ## - DEWEY DECIMAL CLASSIFICATION NUMBER
Classification number 954.925/ H2733j/ 2021
100 ## - MAIN ENTRY--PERSONAL NAME
9 (RLIN) 3866
Personal name হাসিনা, শেখ
245 ## - TITLE STATEMENT
Title জাতির পিতা বঙ্গবন্ধু শেখ মুজিবুর রহমান জন্মশতবর্ষ স্মারকগ্রন্থ /
Statement of responsibility, etc. শেখ হাসিনা
250 ## - EDITION STATEMENT
Edition statement 1st Edn.
260 ## - PUBLICATION, DISTRIBUTION, ETC. (IMPRINT)
Place of publication, distribution, etc. ঢাকা :
Name of publisher, distributor, etc. জাতির পিতা বঙ্গবন্ধু শেখ মুজিবুর রহমানের জন্মশতবার্ষিকী উদযাপন কমিটি,
Date of publication, distribution, etc. c2021
300 ## - PHYSICAL DESCRIPTION
Extent 631 p. :
Other physical details ills.;
Dimensions 25 cm.
505 ## - FORMATTED CONTENTS NOTE
Formatted contents note জাতির পিতা বঙ্গবন্ধু শেখ মুজিবুর রহমান জন্মশতবর্ষ স্মারকগ্রন্থ, জাতির পিতা, বঙ্গবন্ধু, শেখ মুজিবুর রহমান,জন্মশতবর্ষ, স্মারকগ্রন্থ, শেখ হাসিনা
650 #0 - SUBJECT ADDED ENTRY--TOPICAL TERM
9 (RLIN) 3574
Topical term or geographic name as entry element বঙ্গবন্ধু
856 ## - ELECTRONIC LOCATION AND ACCESS
Password 0
Logon 0
Link text Download
942 ## - ADDED ENTRY ELEMENTS (KOHA)
Source of classification or shelving scheme
Koha item type Books
Holdings
Withdrawn status Lost status Source of classification or shelving scheme Damaged status Not for loan Collection code Permanent location Current location Shelving location Date acquired Inventory number Total Checkouts Full call number Barcode Date last seen Copy number Price effective from Koha item type
        Not For Loan Non-fiction Bangladesh University of Business and Technology Library Bangladesh University of Business and Technology Library Historical Books 03/02/2022 28323   954.925/ H2733j/ 2021 BUBTL-200328323 03/09/2022 C-1 03/09/2022 Books

More Information About Library

Library Hours

  • Open: 9.00 am. to 9.00 pm.
  • Only Sunday: 9.00 am. to 6.00 pm.
  • Closed: Holiday

Contact to the University

Bangladesh University of Business and Technology Library

  • Mirpurl-2, 1216.
  • Phone:
  • Fax:
  • E-Mail: admin.library@bubt.edu.bd

Contact to the Library

Contact Person:

Md. Abdul Hakim Shah
Joint Librarian
PABX No:  113
Cell No: 01816332931
E-mail: official: admin.library@bubt.edu.bd
Personal: hakim.shah@bubt.edu.bd


BUBT Library

Copyright © 2021